| 000 | 01151cam a2200289 i 4500 | ||
|---|---|---|---|
| 003 | SA-RiAUC | ||
| 005 | 20250724062618.0 | ||
| 008 | 250724s2001 su g 000 0 ara c | ||
| 040 |
_aSA-RIMASH _bara _cSA-RiAUC _erda |
||
| 050 | 4 | _b.S26 2001 | |
| 082 | 0 | 4 |
_a257.1 _qSA-RiAUC |
| 090 |
_a257.1 _bس ا م |
||
| 100 | 1 |
_aالسامرائي، نعمان عبد الرزاق، _d1935- _eمؤلف. |
|
| 245 | 1 | 2 |
_aالنظام السياسي في الإسلام / _cنعمان بن عبد الرزاق السامرائي. |
| 250 | _aالطبعة الثانية. | ||
| 264 | 1 |
_aالرياض : _bنعمان بن عبد الرزاق السامرائي، _c2001 |
|
| 300 |
_a236 صفحة ؛ _c24 سم |
||
| 336 |
_aنص _btxt _2rdacontent _3كتاب |
||
| 337 |
_aبدون وسيط _bn _2rdamedia |
||
| 338 |
_aمجلد _bnc _2rdacarrier |
||
| 650 | 7 |
_aالإسلام _xجوانب سياسية _2aucsh |
|
| 650 | 7 |
_aنظم الحكم في الإسلام _2aucsh |
|
| 650 | 7 |
_aالأحكام السلطانية _2aucsh |
|
| 650 | 7 |
_aالإسلام والسياسة _2aucsh |
|
| 942 |
_2ddc _cBOOK _n0 |
||
| 949 |
_aSA-JeALM _d250724 _umohamedma123 _n1 |
||
| 999 |
_c10252 _d10252 |
||